Readings in macroeconomics (Record no. 55666)

MARC details
000 -LEADER
fixed length control field 00527nam a2200145 a 4500
008 - FIXED-LENGTH DATA ELEMENTS--GENERAL INFORMATION
fixed length control field 120416s1971 ||||||||||||||||| || u
050 ## - LIBRARY OF CONGRESS CALL NUMBER
Classification number HB 171 Rea
100 ## - MAIN ENTRY--PERSONAL NAME
Personal name Mueller, Max Gerhard
245 10 - TITLE STATEMENT
Title Readings in macroeconomics
Statement of responsibility, etc. edited by Max G. Mueller
250 ## - EDITION STATEMENT
Edition statement 2nd ed.
260 ## - PUBLICATION, DISTRIBUTION, ETC.
Place of publication, distribution, etc. Hinsdale, Ill.
Name of publisher, distributor, etc. Dryden P
Date of publication, distribution, etc. 1971
300 ## - PHYSICAL DESCRIPTION
Extent xv, 473p. : ill.
350 ## - PRICE (NR) (BK AM CF MU VM SE) [OBSOLETE]
Price 0.00
995 ## - RECOMMENDATION 995 [LOCAL, UNIMARC FRANCE]
-- 0.00
-- CBU-MAIN LIBRARY (Kitwe)
-- 1
-- 0.00
-- 1
-- AVAILABLE
-- Main Library Open Access Collection
Holdings
Withdrawn status Lost status Source of classification or shelving scheme Damaged status Not for loan Home library Current library Shelving location Date acquired Total Checkouts Full call number Barcode Date last seen Price effective from Koha item type
          CBU-MAIN LIBRARY, KITWE. CBU-MAIN LIBRARY, KITWE.   11/30/2022   HB 171 Rea 001856 11/30/2022 11/30/2022 MONOGRAPH